Sounds like Hugh - Statistics

General Stats
  • This quiz has been taken 35 times
  • The average score is 7 of 16
Answer Stats
Picture Answer % Correct
Hugh Grant
87%
Hugh Jackman
84%
Hugh Laurie
81%
Hugh Hefner
74%
Victor Hugo
61%
Billy Hughes
58%
Angelica Houston
48%
Houston, Texas
45%
Hugo Chávez
39%
Huey Lewis
35%
Hugh Bonneville
35%
Howard Hughes
23%
Hugo Weaving
23%
Lleyton Hewitt
19%
Merv Hughes
13%
Hugo Boss
0%
No matching quizzes found
Score Distribution
Percent of People with Each Score
Percentile by Number Answered
Your Score History
You have not taken this quiz